000 00857cam a2200265 a 4500
001 000005529
005 20200929151713.0
008 991208s1999 sp a b 000 1 spa
010 _a99525792
020 _a8437616980
040 _aDO-SdBNP
_cDLC
_dDLC
082 _a863.6
_bB644v
100 1 _aBlasco Ibáñez, Vicente,
_d1867-1928.
_915017
245 1 3 _aLa voluntad de vivir /
_cVicente Blasco Ibáñez ; edición de Facundo Tomás.
260 _aMadrid :
_bCátedra,
_c1999.
300 _a537 p. :
_bil. ;
_c18 cm.
490 1 _aLetras hispánicas
_v484
504 _aIncluye referencias bibliográficas : (p. 145-154)
650 4 _aNovela española
_91123
650 4 _aLiteratura española
_9632
700 1 _aTomás Ferre, Facundo.
_915627
830 0 _aLetras hispánicas ;
_v484
_94208
910 _aCatalogación por copia / LC
910 _aWM
999 _c5328
_d5328